| 000 | 00502nam a2200181 a 4500 | ||
|---|---|---|---|
| 001 | 4437 | ||
| 003 | CO-ViMGA | ||
| 008 | 141112s2004 ck r 000 u spa d | ||
| 040 |
_aCO-ViMGA _bspa _cCO-ViMGA |
||
| 082 | 0 | 4 | _aMEVIECAR.6424 G841p |
| 245 | 1 | 0 |
_aGuía práctica del lotus 1 - 2 - 3 : _bversiones 2.4 y 3.1 |
| 260 |
_aVenezuela : _bUnidata C.A., _c1993 |
||
| 300 | _a276 p | ||
| 590 | _aDatos de inventario : 05737 | ||
| 650 | 1 | 4 | _aLENGUAJE DE PROGRAMACION |
| 650 | 1 | 4 | _aLOTUS |
| 942 |
_2ddc _cBK |
||
| 999 |
_c16447 _d16447 |
||